000 00573nam a2200253Ia 4500
003 AR-RoIUNI
005 20190613141306.0
008 150616s9999 xx 000 0 und d
020 _a9509030066
040 _cIUNIR
040 _dOCLC
_cIUNIR
080 _a618 BAR
100 1 _aBarbato, Walter R.
245 1 _aTratado de Anticoncepción
250 _a1a. ed.
260 _aRosario
260 _bCorpus
260 _c2005
300 _a450 p.
300 _c28 cm.
650 1 0 _9100
_aGinecología
700 1 _aCharalambopoulos, Jorge T.
942 _cBK
_2cdu
999 _c728
_d728